banner-ar

Ancient Egyptian Art : (Record no. 60811)

MARC details
000 -الفاتح
حقل البيانات ثابتة الطول 00634nam a22002057a 4500
005 - وقت وتاريخ اخر تعامل مع التسجيلة
رقم الضبط 20240530110429.0
008 - عناصر البيانات ثابتة الطول - معلومات عامة
حقل البيانات ثابتة الطول 150312s2009 ua aof f 001 0 eng d
020 ## - الرقم الدولى المعيارى للكتب
الرقم الدولى المعيارى للكتاب 9789774163234
040 ## - مصدر الفهرسة
وكالة الفهرسة الأصلية EG-CaGPL
وكالة النسخ EG-CaGPL
082 04 - رقم تصنيف ديوى العشرى
رقم الطبعة 21
رقم التصنيف 709.32
رقم المادة CC/C A
100 1# - المدخل الرئيسى - إسم شخصى
الإسم الشخصى Cartocci , Alice
245 10 - بيان العنوان
العنوان Ancient Egyptian Art :
بقية العنوان A Visual Encyclopedia /
بيان المسئوليه,etc Alice Cartocci
260 ## - PUBLICATION, DISTRIBUTION, ETC. (IMPRINT)
تاريخ النشر أو التوزيع c2009.
300 ## - الوصف المادى
التعداد 345 p. :
تفاصيل ماديه اخرى للوعاء col. ill. , plates ;
أبعاد الوعاء 32 cm.
650 ## - المدخل الاضافى بالموضوع-مصطلح موضوعى
مصطلح موضوعي Archaeology
التقسيم الفرعي الجغرافي ancient Egypt
651 0# - المدخل الاضافى بالموضوع - اسم جغرافى
الاسم الجغرافي Egypt
التقسيم الفرعي العام antiquities
942 ## - عناصر المدخل الإضافي( كوها)
مصدر التصنيف او مخطط الترفيف Dewey Decimal Classification
Koha [default] item type كتاب
260 ## - PUBLICATION, DISTRIBUTION, ETC. (IMPRINT)
-- Cairo :
-- The American University in Cairo Press,
Holdings
حالة التراجع حالة الفقد مصدر التصنيف او خطة الترفيف حالة تلف ليس للاعارة المكان المؤقت الموقع الحالى تاريخ الاكتساب اجمالي اﻻعارات رقم الطلب الباركود تاريخ اخر مشاهدة تاريخ تفعيل السعر نوع وعاء كوها
    ddc     مكتبة القاهرة الكبرى مكتبة القاهرة الكبرى 03/29/2015   709.32 CC/C A 159967 03/29/2015 03/29/2015 كتاب

Powered By

EGPV